[Event "HUN-chT2 Barcza 1415"]
[Site "Hungary"]
[Date "2015.03.01"]
[Round "?"]
[White "Kucsa, Andras"]
[Black "Daroczy, Sandor"]
[Result "1/2-1/2"]
[WhiteElo "1943"]
[BlackElo "1907"]
[PlyCount "24"]
[EventDate "2014.09.07"]
[EventType "team-tourn"]
[EventRounds "11"]
[EventCountry "HUN"]
[SourceTitle "EXT 2016"]
[Source "ChessBase"]
[SourceDate "2015.10.08"]
[SourceVersion "1"]
[SourceVersionDate "2015.10.08"]
[SourceQuality "1"]
[WhiteTeam "Tiszavasvar"]
[BlackTeam "Hajduszoboszlo"]
[WhiteTeamCountry "HUN"]
[BlackTeamCountry "HUN"]

1. d4 Nf6 2. c4 e6 3. Nf3 d5 4. Nc3 Be7 5. Bg5 0-0 6. e3 h6 7. Bh4 b6 8. Bxf6 Bxf6 9. cxd5 exd5 10. Bd3 Be6 11. Rc1 c5 12. 0-0 Nd7 1/2-1/2

[Event "HUN-chT2 Barcza 1213"]
[Site "Hungary"]
[Date "2012.11.04"]
[Round "3.7"]
[White "Kucsa, Andras"]
[Black "Kalyinka, Roland"]
[Result "1/2-1/2"]
[WhiteElo "1995"]
[BlackElo "2054"]
[PlyCount "37"]
[EventDate "2012.09.16"]
[EventType "team-tourn"]
[EventRounds "11"]
[EventCountry "HUN"]
[SourceTitle "EXT 2014"]
[Source "ChessBase"]
[SourceDate "2013.11.20"]
[SourceVersion "1"]
[SourceVersionDate "2013.11.20"]
[SourceQuality "1"]
[WhiteTeam "Tiszavasvar"]
[BlackTeam "Edeleny"]
[WhiteTeamCountry "HUN"]
[BlackTeamCountry "HUN"]

1. d4 d5 2. Nf3 Nf6 3. c4 e6 4. Bg5 Be7 5. Nc3 0-0 6. e3 h6 7. Bh4 Ne4 8. Bxe7 Qxe7 9. Nxe4 dxe4 10. Nd2 f5 11. Be2 Nd7 12. 0-0 e5 13. d5 Nf6 14. f3 Qc5 15. Qb3 exf3 16. Bxf3 Bd7 17. Kh1 e4 18. Be2 g6 19. Qc3 1/2-1/2

[Event "HUN-chT2 Barcza 0910"]
[Site "Hungary"]
[Date "2010.04.11"]
[Round "9.8"]
[White "Kucsa, Andras"]
[Black "Runda, Mate Bence"]
[Result "1-0"]
[WhiteElo "1995"]
[BlackElo "1830"]
[PlyCount "39"]
[EventDate "2009.11.08"]
[EventType "team-tourn"]
[EventRounds "11"]
[EventCountry "HUN"]
[SourceTitle "EXT 2011"]
[Source "ChessBase"]
[SourceDate "2010.11.26"]
[SourceVersion "1"]
[SourceVersionDate "2010.11.26"]
[SourceQuality "1"]
[WhiteTeam "Piremon"]
[BlackTeam "Miskolc"]
[WhiteTeamCountry "HUN"]
[BlackTeamCountry "HUN"]

1. d4 e6 2. c4 d5 3. Nf3 Nf6 4. Nc3 Bb4 5. Bg5 Nbd7 6. Bxf6 Nxf6 7. Qa4+ Bd7 8. Qxb4 b6 9. e3 a5 10. Qa3 h6 11. Be2 Ne4 12. Nxe4 dxe4 13. Ne5 Qg5 14. g3 c5 15. Rd1 Rd8 16. Nxd7 Rxd7 17. 0-0 h5 18. h4 Qe7 19. dxc5 bxc5 20. Qa4 1-0

[Event "HUN-chT2 Barcza 0910"]
[Site "Hungary"]
[Date "2009.12.06"]
[Round "3.8"]
[White "Nagy, Sandor"]
[Black "Kucsa, Andras"]
[Result "1/2-1/2"]
[WhiteElo "2040"]
[BlackElo "1995"]
[PlyCount "76"]
[EventDate "2009.11.08"]
[EventType "team-tourn"]
[EventRounds "11"]
[EventCountry "HUN"]
[SourceTitle "EXT 2011"]
[Source "ChessBase"]
[SourceDate "2010.11.26"]
[SourceVersion "1"]
[SourceVersionDate "2010.11.26"]
[SourceQuality "1"]
[WhiteTeam "Debrecen Betu"]
[BlackTeam "Piremon"]
[WhiteTeamCountry "HUN"]
[BlackTeamCountry "HUN"]

1. e4 c5 2. Nf3 d6 3. d4 cxd4 4. Nxd4 Nf6 5. Nc3 a6 6. Bc4 e6 7. Bb3 Qc7 8. 0-0 b5 9. a3 Bb7 10. Bg5 Nbd7 11. Re1 Nc5 12. Bxf6 gxf6 13. Ba2 h5 14. f4 Be7 15. f5 e5 16. Nf3 Nd7 17. Bd5 Nb6 18. Bxb7 Qxb7 19. Qd3 Qc6 20. Kh1 Rd8 21. Red1 Rg8 22. Nd2 d5 23. exd5 Nxd5 24. Qf3 Qa8 25. Nxd5 Qxd5 26. Ne4 Qc6 27. Rxd8+ Bxd8 28. Rd1 Qxc2 29. Nc3 e4 30. Nxe4 Qc7 31. Nd6+ Kf8 32. Qxh5 Rg7 33. Qh8+ Rg8 34. Qh6+ Rg7 35. Qh8+ Rg8 36. Qh5 Rg7 37. Qh8+ Rg8 38. Qh6+ Rg7 1/2-1/2

[Event "HUN-chT2 Barcza 0809"]
[Site "Hungary"]
[Date "2009.01.11"]
[Round "5.7"]
[White "Botragyi, Tibor"]
[Black "Kucsa, Andras"]
[Result "1-0"]
[WhiteElo "2151"]
[BlackElo "1980"]
[PlyCount "87"]
[EventDate "2008.10.26"]
[EventType "team-tourn"]
[EventRounds "11"]
[EventCountry "HUN"]
[SourceTitle "EXT 2010"]
[Source "ChessBase"]
[SourceDate "2010.11.25"]
[SourceVersion "1"]
[SourceVersionDate "2010.11.25"]
[SourceQuality "1"]
[WhiteTeam "Nyiregyhaza"]
[BlackTeam "Piremon"]
[WhiteTeamCountry "HUN"]
[BlackTeamCountry "HUN"]

1. e4 c5 2. d4 cxd4 3. c3 dxc3 4. Nxc3 e6 5. Nf3 Nc6 6. Bc4 Bc5 7. 0-0 a6 8. Bf4 f6 9. Rc1 Nge7 10. Qe2 Ng6 11. Bg3 0-0 12. a3 b5 13. Ba2 Bb7 14. Rfd1 Qc8 15. Nxb5 axb5 16. Rxc5 Nd4 17. Rxd4 Qxc5 18. Bd6 Qc1+ 19. Rd1 Nf4 20. Qe1 Qxb2 21. Rd2 Qc3 22. Bxf4 Ra4 23. Rxd7 Qxe1+ 24. Nxe1 Rxe4 25. Be3 Ba8 26. Re7 Bd5 27. Bxd5 exd5 28. Rd7 f5 29. Rxd5 f4 30. Bd2 Ra8 31. Rxb5 Rxa3 32. Kf1 Kf7 33. Rf5+ Ke6 34. Rxf4 Rxf4 35. Bxf4 Kf5 36. Be3 h5 37. Ke2 g5 38. Kf3 Rc3 39. h3 g4+ 40. hxg4+ hxg4+ 41. Kg3 Rb3 42. Nc2 Rd3 43. Nd4+ Ke4 44. Kxg4 1-0

[Event "HUN-chT2 Barcza 0809"]
[Site "Hungary"]
[Date "2008.12.21"]
[Round "4.7"]
[White "Kucsa, Andras"]
[Black "Hidegh, Gabor"]
[Result "1/2-1/2"]
[WhiteElo "1980"]
[BlackElo "2151"]
[PlyCount "29"]
[EventDate "2008.10.26"]
[EventType "team-tourn"]
[EventRounds "11"]
[EventCountry "HUN"]
[SourceTitle "EXT 2010"]
[Source "ChessBase"]
[SourceDate "2010.11.25"]
[SourceVersion "1"]
[SourceVersionDate "2010.11.25"]
[SourceQuality "1"]
[WhiteTeam "Piremon"]
[BlackTeam "DEAC"]
[WhiteTeamCountry "HUN"]
[BlackTeamCountry "HUN"]

1. d4 Nf6 2. c4 c5 3. Nf3 cxd4 4. Nxd4 g6 5. Nc3 Bg7 6. e4 d6 7. f3 0-0 8. Be3 Nc6 9. Qd2 Qa5 10. Be2 Nxd4 11. Bxd4 Be6 12. g4 Rfc8 13. g5 Ne8 14. Bxg7 Nxg7 15. Nd5 1/2-1/2

[Event "HUN-chT2 Barcza 0809"]
[Site "Hungary"]
[Date "2008.11.30"]
[Round "3.6"]
[White "Kovacs, Laszlo3333"]
[Black "Kucsa, Andras"]
[Result "1-0"]
[WhiteElo "2057"]
[BlackElo "1980"]
[PlyCount "120"]
[EventDate "2008.10.26"]
[EventType "team-tourn"]
[EventRounds "11"]
[EventCountry "HUN"]
[SourceTitle "EXT 2010"]
[Source "ChessBase"]
[SourceDate "2010.11.25"]
[SourceVersion "1"]
[SourceVersionDate "2010.11.25"]
[SourceQuality "1"]
[WhiteTeam "Hajduszoboszlo"]
[BlackTeam "Piremon"]
[WhiteTeamCountry "HUN"]
[BlackTeamCountry "HUN"]

1. d4 Nf6 2. c4 g6 3. Nc3 d5 4. cxd5 Nxd5 5. e4 Nxc3 6. bxc3 Bg7 7. Bc4 c5 8. Ne2 Qa5 9. 0-0 0-0 10. Be3 Nc6 11. Qb3 cxd4 12. cxd4 a6 13. Rac1 e6 14. d5 exd5 15. Bxd5 Qb4 16. Qxb4 Nxb4 17. Bc5 Nd3 18. Bxf8 Nxc1 19. Rxc1 Kxf8 20. Rc7 Be6 21. Bxe6 fxe6 22. Nf4 Re8 23. Rxb7 Be5 24. g3 Bxf4 25. gxf4 Rc8 26. Rb4 Rc5 27. Kg2 Kg7 28. Kg3 Rc3+ 29. f3 Ra3 30. Rb7+ Kh6 31. Rb2 a5 32. Kg4 a4 33. Rd2 Rc3 34. Rf2 a3 35. f5 exf5+ 36. exf5 gxf5+ 37. Kxf5 Rc5+ 38. Ke4 Rb5 39. Rc2 Rb2 40. Kd3 Rb7 41. Rc6+ Kg5 42. Ra6 Rb2 43. Rxa3 Rxh2 44. Ke3 h5 45. Ra5+ Kf6 46. Kf4 Rh4+ 47. Kg3 Rh1 48. a4 h4+ 49. Kf4 Rg1 50. Rh5 Ra1 51. a5 Ra4+ 52. Ke3 Kg6 53. Rd5 h3 54. Kf2 Ra2+ 55. Kg1 h2+ 56. Kh1 Kh6 57. f4 Kg6 58. Rg5+ Kf6 59. Rh5 Kg6 60. Rxh2 Rxa5 1-0

[Event "HUN-chT2 Barcza 0405"]
[Site "Hungary"]
[Date "2005.04.24"]
[Round "11"]
[White "Kucsa, Andras"]
[Black "Szathmari, Gabor"]
[Result "1/2-1/2"]
[WhiteElo "2022"]
[BlackElo "2084"]
[PlyCount "29"]
[EventDate "2004.09.26"]
[EventType "team"]
[EventRounds "11"]
[EventCountry "HUN"]
[SourceTitle "EXT 2009"]
[Source "ChessBase"]
[SourceDate "2008.11.26"]
[SourceVersion "1"]
[SourceVersionDate "2008.11.26"]
[SourceQuality "1"]
[WhiteTeam "Piremon II"]
[BlackTeam "Puspokladany"]
[WhiteTeamCountry "HUN"]
[BlackTeamCountry "HUN"]

1. d4 d5 2. Nf3 Nf6 3. c4 dxc4 4. Nc3 c5 5. e4 cxd4 6. Qxd4 Qxd4 7. Nxd4 e5 8. Ndb5 Na6 9. Bg5 Bb4 10. Bxf6 gxf6 11. Bxc4 Be6 12. Bxe6 fxe6 13. 0-0 Ke7 14. Rfd1 Bxc3 15. Nxc3 1/2-1/2

[Event "HUN-chT2 Barcza 0405"]
[Site "Hungary"]
[Date "2005.04.10"]
[Round "10"]
[White "Kucsa, Andras"]
[Black "Bartok Csato, Gyorgy"]
[Result "1/2-1/2"]
[WhiteElo "2022"]
[BlackElo "2047"]
[PlyCount "131"]
[EventDate "2004.09.26"]
[EventType "team"]
[EventRounds "11"]
[EventCountry "HUN"]
[SourceTitle "EXT 2009"]
[Source "ChessBase"]
[SourceDate "2008.11.26"]
[SourceVersion "1"]
[SourceVersionDate "2008.11.26"]
[SourceQuality "1"]
[WhiteTeam "Piremon II"]
[BlackTeam "Hajduszoboszlo"]
[WhiteTeamCountry "HUN"]
[BlackTeamCountry "HUN"]

1. d4 d5 2. Nf3 Nf6 3. c4 g6 4. cxd5 Nxd5 5. e4 Nf6 6. Nc3 Bg7 7. Bc4 c6 8. a4 0-0 9. h3 b6 10. Be3 Bb7 11. 0-0 Na6 12. Qb3 Nc7 13. Rad1 b5 14. Bd3 a6 15. Ne5 Nd7 16. f4 Qc8 17. Nxd7 Qxd7 18. e5 b4 19. Qxb4 Nd5 20. Nxd5 cxd5 21. Rc1 e6 22. Rc2 Rfb8 23. Qa3 Bf8 24. Qa2 Rc8 25. Rfc1 Rxc2 26. Rxc2 Bc6 27. b3 Qb7 28. Rc1 Rb8 29. Rb1 a5 30. Kf2 Kg7 31. Bd2 Bb4 32. Ke3 f6 33. Bxb4 Qxb4 34. Qc2 Be8 35. Qc7+ Bf7 36. exf6+ Kxf6 37. Qe5+ Ke7 38. Rc1 Rb7 39. Rc7+ Rxc7 40. Qxc7+ Kf6 41. Qc2 h6 42. Qd2 Qb6 43. Bb5 g5 44. fxg5+ hxg5 45. Qf2+ Kg7 46. Qg3 Kh6 47. h4 gxh4 48. Qxh4+ Kg7 49. Qg5+ Kf8 50. Qf4 e5 51. Qxe5 Qg6 52. g3 Qc2 53. Qh8+ Ke7 54. Qh4+ Ke6 55. Qh6+ Bg6 56. Qh3+ Bf5 57. Qh6+ Bg6 58. Qf4 Qxb3+ 59. Kf2 Be4 60. Qh6+ Kf7 61. Qh5+ Kf6 62. Qh8+ Ke6 63. Qg8+ Kf6 64. Qd8+ Kg7 65. Qe7+ Kg8 66. Qe8+ 1/2-1/2

[Event "HUN-chT2 Barcza 0304"]
[Site "Hungary"]
[Date "2004.04.04"]
[Round "10"]
[White "Kucsa, Andras"]
[Black "Orban, Zoltan"]
[Result "1-0"]
[WhiteElo "2036"]
[BlackElo "2003"]
[PlyCount "101"]
[EventDate "2003.08.29"]
[EventType "team"]
[EventRounds "11"]
[EventCountry "HUN"]
[SourceTitle "EXT 2009"]
[Source "ChessBase"]
[SourceDate "2008.11.26"]
[SourceVersion "1"]
[SourceVersionDate "2008.11.26"]
[SourceQuality "1"]
[WhiteTeam "Piremon II"]
[BlackTeam "Tiszaujvaros"]
[WhiteTeamCountry "HUN"]
[BlackTeamCountry "HUN"]

1. d4 Nf6 2. c4 c5 3. Nf3 cxd4 4. Nxd4 e5 5. Nf3 Bb4+ 6. Bd2 Bxd2+ 7. Qxd2 e4 8. Nd4 0-0 9. Nc3 a6 10. g3 Re8 11. e3 Nc6 12. Bg2 Rb8 13. 0-0 Qa5 14. b3 Qe5 15. Rfd1 h6 16. Rac1 b6 17. Nxc6 dxc6 18. Qd6 Qxd6 19. Rxd6 Bb7 20. Rcd1 Ba8 21. R1d4 c5 22. Rd1 Kf8 23. Na4 b5 24. cxb5 axb5 25. Nxc5 Rbc8 26. b4 Ke7 27. Bf1 Bc6 28. Nb3 Red8 29. Rxd8 Rxd8 30. Rxd8 Kxd8 31. Nd4 Bd5 32. a3 Bc4 33. Nxb5 Bxf1 34. Kxf1 Kd7 35. Ke1 Kc6 36. Nc3 g5 37. h3 h5 38. Ke2 g4 39. h4 Kb6 40. Kd2 Ka6 41. Kc2 Kb6 42. Kb3 Kb7 43. Kc4 Kc6 44. Kd4 Nd7 45. Kxe4 Kd6 46. Kd4 f5 47. a4 Nf6 48. a5 Nd7 49. b5 Nc5 50. a6 Nd7 51. Na4 1-0

[Event "HUN-chT2 Barcza 0304"]
[Site "Hungary"]
[Date "2004.02.08"]
[Round "7"]
[White "Kucsa, Andras"]
[Black "Antos, Zoltan"]
[Result "1/2-1/2"]
[WhiteElo "2036"]
[BlackElo "1837"]
[PlyCount "31"]
[EventDate "2003.08.29"]
[EventType "team"]
[EventRounds "11"]
[EventCountry "HUN"]
[SourceTitle "EXT 2009"]
[Source "ChessBase"]
[SourceDate "2008.11.26"]
[SourceVersion "1"]
[SourceVersionDate "2008.11.26"]
[SourceQuality "1"]
[WhiteTeam "Piremon II"]
[BlackTeam "Derecske"]
[WhiteTeamCountry "HUN"]
[BlackTeamCountry "HUN"]

1. d4 d5 2. Nf3 Nf6 3. c4 e6 4. Nc3 Bb4 5. a3 Bxc3+ 6. bxc3 h6 7. Bf4 0-0 8. e3 c5 9. Bxb8 Rxb8 10. dxc5 Qa5 11. Qd4 Ne4 12. cxd5 exd5 13. Qb4 Qxc5 14. Qxc5 Nxc5 15. Rd1 Be6 16. Nd4 1/2-1/2

[Event "HUN-chT2 Barcza 0304"]
[Site "Hungary"]
[Date "2004.01.25"]
[Round "6"]
[White "Csukas, Tibor"]
[Black "Kucsa, Andras"]
[Result "1/2-1/2"]
[WhiteElo "2002"]
[BlackElo "2036"]
[PlyCount "110"]
[EventDate "2003.08.29"]
[EventType "team"]
[EventRounds "11"]
[EventCountry "HUN"]
[SourceTitle "EXT 2009"]
[Source "ChessBase"]
[SourceDate "2008.11.26"]
[SourceVersion "1"]
[SourceVersionDate "2008.11.26"]
[SourceQuality "1"]
[WhiteTeam "Nadudvar"]
[BlackTeam "Piremon II"]
[WhiteTeamCountry "HUN"]
[BlackTeamCountry "HUN"]

1. d4 Nf6 2. c4 g6 3. Nc3 d5 4. Bg5 Ne4 5. Nxe4 dxe4 6. Qd2 Bg7 7. 0-0-0 0-0 8. Bh6 Na6 9. h4 c5 10. Bxg7 Kxg7 11. h5 Qxd4 12. Qxd4+ cxd4 13. Rxd4 Bf5 14. f3 Rad8 15. Rxd8 Rxd8 16. g4 Be6 17. hxg6 hxg6 18. b3 e3 19. Nh3 Nb4 20. a3 Na2+ 21. Kb1 Nc3+ 22. Kc2 Nxe2 23. Bxe2 Rd2+ 24. Kc3 Rxe2 25. Nf4 Rf2 26. Nxe6+ fxe6 27. Rh3 e5 28. Kd3 e2 29. Kd2 Kf6 30. Ke1 Rg2 31. Rh8 Rg1+ 32. Kxe2 Rb1 33. b4 Ra1 34. c5 Rxa3 35. Rb8 a5 36. Rxb7 axb4 37. Rxb4 Rc3 38. Rb6+ e6 39. Rc6 Ke7 40. Rc7+ Kd8 41. Rg7 Rxc5 42. Rxg6 Ke7 43. Ke3 Rc4 44. Rh6 Rf4 45. Rh1 Kf6 46. Re1 Kg5 47. Ra1 Kh4 48. Rg1 Kg5 49. Rh1 Kg6 50. Rc1 Kg5 51. Rc5 Kh4 52. Rxe5 Kg3 53. g5 Rxf3+ 54. Ke2 Rf8 55. Rxe6 Rg8 1/2-1/2

[Event "HUN-chT2 Barcza 0304"]
[Site "Hungary"]
[Date "2003.11.30"]
[Round "4"]
[White "Kucsa, Andras"]
[Black "Nagy, Kalman"]
[Result "1/2-1/2"]
[WhiteElo "2036"]
[BlackElo "2151"]
[PlyCount "77"]
[EventDate "2003.08.29"]
[EventType "team"]
[EventRounds "11"]
[EventCountry "HUN"]
[SourceTitle "EXT 2009"]
[Source "ChessBase"]
[SourceDate "2008.11.26"]
[SourceVersion "1"]
[SourceVersionDate "2008.11.26"]
[SourceQuality "1"]
[WhiteTeam "Piremon II"]
[BlackTeam "Kazincbarcika"]
[WhiteTeamCountry "HUN"]
[BlackTeamCountry "HUN"]

1. d4 Nf6 2. c4 e5 3. dxe5 Ng4 4. e4 Nxe5 5. f4 Ng6 6. Be3 Nc6 7. a3 b6 8. Nf3 Bb7 9. Nc3 Bc5 10. Bxc5 bxc5 11. Qd2 Na5 12. f5 Nh4 13. Qf4 Nxf3+ 14. gxf3 Nb3 15. Qe5+ Kf8 16. Rd1 Qh4+ 17. Qg3 Qxg3+ 18. hxg3 Bc6 19. Nd5 Bxd5 20. cxd5 d6 21. Bc4 Rb8 22. Rb1 Nd4 23. Kf2 f6 24. Rhd1 Nb3 25. Rd3 Na5 26. Ba2 Rb6 27. b4 Nb7 28. Bc4 Ke7 29. Rdb3 Rb8 30. a4 cxb4 31. Rxb4 Nc5 32. Rxb6 Rxb6 33. Rxb6 axb6 34. Bb5 Nb7 35. Ke2 Nd8 36. f4 Nf7 37. Kf3 Kd8 38. Ke3 Kc8 39. Kd4 1/2-1/2

[Event "Alfoeld Cup"]
[Site "Hajduszoboszlo"]
[Date "1999.??.??"]
[Round "8"]
[White "Arva, Karoly"]
[Black "Kucsa, Andras"]
[Result "0-1"]
[WhiteElo "1940"]
[BlackElo "1960"]
[PlyCount "71"]
[EventDate "1999.??.??"]
[EventType "tourn"]
[EventRounds "11"]
[EventCountry "HUN"]
[SourceTitle "EXT 2000"]
[Source "ChessBase"]
[SourceDate "1999.11.16"]
[SourceVersion "1"]
[SourceVersionDate "1999.11.16"]
[SourceQuality "1"]

1. e4 c5 2. b3 d6 3. Bb2 a6 4. Nf3 e6 5. d4 cxd4 6. Nxd4 Nf6 7. Bd3 Qc7 8. c4 Be7 9. Nc3 b6 10. 0-0 Bb7 11. Qe2 Nc6 12. Nxc6 Qxc6 13. Kh1 0-0 14. f4 Rad8 15. Rae1 Kh8 16. Qf3 h6 17. Qh3 e5 18. fxe5 dxe5 19. Nd5 Qd6 20. Rf3 Bc8 21. Qg3 Nd7 22. Rf5 f6 23. Re3 Nc5 24. Qg6 Bxf5 25. exf5 Rg8 26. Be2 Bf8 27. Rh3 Ne4 28. Rh4 Qc6 29. Rxe4 Rxd5 30. cxd5 Qc2 31. h3 Qxe4 32. Bc4 Qb1+ 33. Kh2 Qxb2 34. d6 Bxd6 35. Bxg8 e4+ 36. Kh1 0-1

[Event "Alfoeld Cup"]
[Site "Hajduszoboszlo"]
[Date "1999.??.??"]
[Round "5"]
[White "Kucsa, Andras"]
[Black "Gal, Tamas"]
[Result "1-0"]
[WhiteElo "1960"]
[BlackElo "1790"]
[PlyCount "85"]
[EventDate "1999.??.??"]
[EventType "tourn"]
[EventRounds "11"]
[EventCountry "HUN"]
[SourceTitle "EXT 2000"]
[Source "ChessBase"]
[SourceDate "1999.11.16"]
[SourceVersion "1"]
[SourceVersionDate "1999.11.16"]
[SourceQuality "1"]

1. d4 Nf6 2. c4 e6 3. g3 Bb4+ 4. Bd2 Bxd2+ 5. Qxd2 0-0 6. Nc3 d5 7. cxd5 exd5 8. Bg2 Bf5 9. Nh3 Re8 10. 0-0 Ne4 11. Nxe4 Bxe4 12. f3 Bf5 13. Nf2 Bg6 14. e4 dxe4 15. fxe4 c6 16. Qb4 Qc7 17. Rac1 f5 18. e5 Bf7 19. Nd3 Na6 20. Qc3 Qd7 21. Rcd1 Qe6 22. b3 g6 23. Nf4 Qe7 24. Rfe1 g5 25. Nd3 Rad8 26. Nb2 Nc7 27. Nc4 Nb5 28. Qe3 Rd7 29. a4 Nc7 30. Qf2 Be6 31. Nd6 Rf8 32. Nxb7 Bxb3 33. Rb1 Bd5 34. Nc5 Rdd8 35. Rb7 a5 36. Na6 Rc8 37. Bxd5+ cxd5 38. Rc1 Qa3 39. Rcxc7 Rxc7 40. Rxc7 Qa1+ 41. Kg2 f4 42. g4 Qb1 43. Qc2 1-0